Mechanics of materials (Record no. 6027)

000 -LEADER
fixed length control field 00600nam a2200229 i 4500
001 - CONTROL NUMBER
control field 6027
003 - CONTROL NUMBER IDENTIFIER
control field BD-DhUET
008 - FIXED-LENGTH DATA ELEMENTS--GENERAL INFORMATION
fixed length control field 770505s1978 nyua 001 0 eng
040 ## - CATALOGING SOURCE
Original cataloging agency DLC
Transcribing agency DLC
Modifying agency BD-DhUET
082 00 - DEWEY DECIMAL CLASSIFICATION NUMBER
Classification number 620.11
Item number HIG/1978
100 ## - MAIN ENTRY--PERSONAL NAME
Personal name Higdon, Archie
245 00 - TITLE STATEMENT
Title Mechanics of materials
250 ## - EDITION STATEMENT
Edition statement 3rd ed.
260 ## - PUBLICATION, DISTRIBUTION, ETC. (IMPRINT)
Place of publication, distribution, etc. New York
Name of publisher, distributor, etc. John Wiley and Sons
Date of publication, distribution, etc. 1978
300 ## - PHYSICAL DESCRIPTION
Extent xiv, 752 p.
Other physical details ill.
Dimensions 24 cm.
504 ## - BIBLIOGRAPHY, ETC. NOTE
Bibliography, etc Includes bibliographies
650 #0 - SUBJECT ADDED ENTRY--TOPICAL TERM
Topical term or geographic name as entry element Strength of materials
700 ## - ADDED ENTRY--PERSONAL NAME
Personal name Ohlsen, Wdward H.
700 ## - ADDED ENTRY--PERSONAL NAME
Personal name Stiles , William B.
700 ## - ADDED ENTRY--PERSONAL NAME
Personal name Weese, John A.
942 ## - ADDED ENTRY ELEMENTS (KOHA)
Koha item type General Book
Holdings
Koha date last borrowed Lost status Withdrawn status Not for loan Date acquired Shelving location Piece designation (barcode) Koha item type Koha collection Price effective from Koha full call number Koha renewals Location (home branch) Damaged status Koha issues (times borrowed) Koha date last seen Sublocation or collection (holding branch) Koha normalized classification for sorting Source of classification or shelving scheme Copy number
    2014-11-29Circulation section61731General Book 2014-11-29620.11/HIG/1978 Central Library, BUET  2014-11-29Central Library, BUET620_110000000000000_HIG_1978 7
    2014-12-02Circulation section61725General Book 2014-12-02620.11/HIG/1978 Central Library, BUET  2014-12-02Central Library, BUET620_110000000000000_HIG_1978 2
    2014-12-02Circulation section61733General Book 2014-12-02620.11/HIG/1978 Central Library, BUET  2014-12-02Central Library, BUET620_110000000000000_HIG_1978 3
2019-02-27   2014-12-02Circulation section61727General Book 2014-12-02620.11/HIG/19781Central Library, BUET 12024-02-13Central Library, BUET620_000000000000000_11HIG1978 4
    2014-12-02Circulation section61726General Book 2014-12-02620.11/HIG/1978 Central Library, BUET  2014-12-02Central Library, BUET620_110000000000000_HIG_1978 5
    2014-12-02Circulation section61728General Book 2014-12-02620.11/HIG/1978 Central Library, BUET  2014-12-02Central Library, BUET620_000000000000000_11HIG1978 6
    2014-12-02Circulation section61730General Book 2014-12-02620.11/HIG/1978 Central Library, BUET  2014-12-02Central Library, BUET620_000000000000000_11HIG1978 1
    2014-12-02Circulation section61732General Book 2014-12-02620.11/HIG/1978 Central Library, BUET  2014-12-02Central Library, BUET620_000000000000000_11HIG1978 8
    2015-01-10Circulation section61729General Book 2015-01-10620.11/HIG/1978 Central Library, BUET  2015-01-10Central Library, BUET620_110000000000000_HIG_1978 9
    2015-01-28Circulation section61734General BookNon Fiction2015-01-28620.11/HIG/1978 Central Library, BUET  2015-01-28Central Library, BUET620_110000000000000_HIG_1978 10